| 000 | 00584nam a22001937a 4500 | ||
|---|---|---|---|
| 003 | OSt | ||
| 005 | 20150106115852.0 | ||
| 008 | 141211b xxu||||| |||| 00| 0 eng d | ||
| 040 | _cBMC | ||
| 082 | _a808.06847 | ||
| 245 | 0 | 0 |
_aCuentos rusos _cselección y traducción de José Laín Entralgo ; prólogo de Augusto Vidal |
| 260 |
_aMadrid _bSalvat _bAlianza _c1970 |
||
| 300 |
_a180 p. _c19 cm |
||
| 490 |
_aBiblioteca Básica Salvat Libros RTV _v56 |
||
| 650 | 2 | 4 |
_929351 _aCuentos rusos |
| 700 | 1 |
_aLaín Entralgo, José _926028 |
|
| 700 | 1 |
_aVidal, Augusto _929345 |
|
| 942 |
_2ddc _cBK |
||
| 999 |
_c16706 _d16706 |
||